| Tag |
First Indicator |
Second Indicator |
Subfields |
| LEADER |
00000ctm a2200000Ka 4500 |
| 001 |
in00001607124 |
| 005 |
20220103113906.0 |
| 007 |
cr unu a |
| 008 |
010404s2000 xx a b 000 0 eng d |
| 035 |
|
|
|a (OCoLC)ocm46665824
|
| 040 |
|
|
|a TXA
|c TXA
|d UtOrBLW
|
| 049 |
|
|
|a TXAM
|a TXAR
|
| 099 |
|
|
|a 2000
|a Thesis
|a C3685
|
| 100 |
1 |
|
|a Carpenter, Todd A.
|
| 245 |
1 |
0 |
|a Reclaiming earthen drainage channels using organic soil amendments /
|c by Todd A. Carpenter.
|
| 264 |
|
1 |
|a [Place of publication not identified] :
|b [publisher not identified] ;
|c 2000.
|
| 300 |
|
|
|a xii, 170 leaves :
|b illustrations ;
|c 28 cm.
|
| 336 |
|
|
|a text
|b txt
|2 rdacontent
|
| 337 |
|
|
|a computer
|b c
|2 rdamedia
|
| 338 |
|
|
|a online resource
|b cr
|2 rdacarrier
|
| 500 |
|
|
|a "Major subject: Soil Science".
|
| 500 |
|
|
|a Vita.
|
| 502 |
|
|
|b M.S.
|c Texas A&M University
|d 2000.
|
| 504 |
|
|
|a Includes bibliographical references (leaves 82-85).
|
| 520 |
|
|
|a The Harris County Flood Control District (HCFCD) manages more than 4800 km of drainage waterways in and around Houston, Texas. It is difficult for the HCFCD to maintain channels due to poor vegetation establishment and accelerated erosion. The primary goal of this study was to determine the best combination of organic amendment and vegetation to stabilize and maintain these waterways. A site was selected that had surface soil textures ranging from fine sandy loam to silt loam. Soils at the site were essentially bereft of organic matter and macronutrients, had near neutral pH, and contained high levels of available micronutrients. Six different organic amendments were chosen and added to the soil in amounts that would increase the organic matter content by 0.5%, based on N content, in the top 15 cm of the soil. Nitrogen, P, and K were added to meet the soil test recommendations for common bermudagrass (Cynodon dactylon (L) Pers.). A combination of sulfur-coated urea and (NH₄)₂SO₄ was applied as the nitrogen source. The amendment treatments were applied to three vegetation treatments: A control of indigenous vegetation; a common bermudagrass and bahiagrass mix; and the two grasses mixed with crimson clover. Vegetation treatments were broadcast seeded, culti-packed, and sprayed with a colored paper fiber mulch and tackifier to aid in coverage and seed retention. The effects of the organic amendments, fertilizer, and vegetation treatments were evaluated through soil chemical analyses, bulk density, cover, biomass, and plant tissue analyses. The statistical design was a split plot with three replications. Statistical analyses indicated that the vegetation treatments were not significant. Results of the laboratory and field measurements support opposing conclusions as to which organic amendments performed best. Soil extractable nutrients, nutrient content in plant tissue, biomass production, and cover were highest for the recycled newspaper and chicken litter; however, the moderately composted yard wastes exhibited comparable results as well as fewer signs of erosion over time. Sustainability of the cover was difficult to determine since the plots were in place for only two years.
|
| 530 |
|
|
|a Also available online.
|
| 530 |
|
|
|a Issued also on microfiche from Lange Micrographics.
|
| 650 |
|
4 |
|a Major soil science.
|
| 856 |
4 |
1 |
|u https://hdl.handle.net/1969.1/ETD-TAMU-2000-THESIS-C3685
|z Link to OAKTrust copy
|t 0
|
| 948 |
|
|
|a cataloged
|b h
|c 2001/4/4
|d c
|e eneff
|f 2:54:02 pm
|
| 994 |
|
|
|a E0
|b TXA
|
| 999 |
|
|
|a MARS
|
| 999 |
f |
f |
|s 0509c532-0c67-3c14-beec-c76c5e32c54f
|i a5dfb0c4-2181-314f-83a3-92dd25241ec3
|t 0
|
| 952 |
f |
f |
|p noncirc
|a Texas A&M University
|b College Station
|c Cushing Memorial Library & Archives
|s cush tdrm
|d Cushing: Theses & Dissertations Microforms (Does not check out)
|t 0
|e 2000 Thesis C3685
|h Other scheme
|i computer -- online resource
|
| 952 |
f |
f |
|a Texas A&M University
|b College Station
|c Electronic Resources
|s www_evans
|d Available Online
|t 0
|e 2000 Thesis C3685
|h Other scheme
|
| 998 |
f |
f |
|a 2000 Thesis C3685
|t 0
|l Available Online
|
| 998 |
f |
f |
|a 2000 Thesis C3685
|t 0
|l Cushing: Theses & Dissertations Microforms (Does not check out)
|